000 00520nam a2200193Ia 4500
001 19380
003 GE_BSU
008 181216s||||||||xx |||||||||||||| ||und||
040 _cGE_BSU
245 _aგადასახადები #11. 2016
260 _aთბილისი
260 _c2016
300 _aდისკი
653 _aგადასახადები #11
653 _aდისკი
653 _aელ. ჟურნალი
653 _aპერიოდიკა
942 _cCF
999 _c52360
_d52360